Statistics for Moons of our Solar System

Click here to take the quiz!

General Stats

  • This quiz has been taken 389 times
  • The average score is 52 of 222

Answer Stats

HintAnswer% Correct
EarthMoon
98%
JupiterIo
83%
SaturnTitan
80%
JupiterEuropa
78%
JupiterGanymede
74%
MarsPhobos
67%
MarsDeimos
64%
JupiterCallisto
57%
2003 AZ84 | 2013 FY27N/A
57%
NeptuneTriton
56%
MakemakeS/2015 (136472) 1
43%
JupiterS/2003 J 10
42%
JupiterS/2003 J 12
42%
JupiterS/2003 J 16
42%
JupiterS/2003 J 18
42%
JupiterS/2003 J 19
42%
JupiterS/2003 J 2
42%
JupiterS/2003 J 23
42%
JupiterS/2003 J 24
42%
JupiterS/2003 J 4
42%
JupiterS/2003 J 9
42%
SaturnS/2004 S 12
42%
SaturnS/2004 S 13
42%
SaturnS/2004 S 17
42%
SaturnS/2004 S 20
42%
SaturnS/2004 S 21
42%
SaturnS/2004 S 22
42%
SaturnS/2004 S 23
42%
SaturnS/2004 S 24
42%
SaturnS/2004 S 25
42%
SaturnS/2004 S 26
42%
SaturnS/2004 S 27
42%
SaturnS/2004 S 28
42%
SaturnS/2004 S 29
42%
SaturnS/2004 S 30
42%
SaturnS/2004 S 31
42%
SaturnS/2004 S 32
42%
SaturnS/2004 S 33
42%
SaturnS/2004 S 34
42%
SaturnS/2004 S 35
42%
SaturnS/2004 S 36
42%
SaturnS/2004 S 37
42%
SaturnS/2004 S 38
42%
SaturnS/2004 S 39
42%
SaturnS/2004 S 7
42%
SaturnS/2006 S 1
42%
SaturnS/2006 S 3
42%
SaturnS/2007 S 2
42%
SaturnS/2007 S 3
42%
SaturnS/2009 S 1
42%
JupiterS/2010 J 1
42%
JupiterS/2010 J 2
42%
JupiterS/2011 J 1
42%
JupiterS/2011 J 2
42%
JupiterS/2016 J 1
42%
JupiterS/2017 J 1
42%
JupiterS/2017 J 2
42%
JupiterS/2017 J 3
42%
JupiterS/2017 J 5
42%
JupiterS/2017 J 6
42%
JupiterS/2017 J 7
42%
JupiterS/2017 J 8
42%
JupiterS/2017 J 9
42%
SaturnS/2019 S 1
42%
UranusTitania
37%
UranusOberon
35%
Pluto-CharonCharon
33%
SaturnEnceladus
32%
SaturnRhea
32%
UranusAriel
29%
SaturnIapetus
29%
UranusMiranda
29%
SaturnMimas
28%
SaturnTethys
28%
UranusUmbriel
28%
Pluto-CharonStyx
27%
SaturnDione
26%
Pluto-CharonNix
26%
SaturnPhoebe
25%
Pluto-CharonHydra
23%
SaturnHyperion
23%
UranusPuck
23%
SaturnPan
22%
NeptuneNereid
20%
JupiterAmalthea
19%
SaturnPrometheus
19%
ErisDysnomia
18%
Pluto-CharonKerberos
18%
SaturnCalypso
17%
SaturnJanus
17%
SaturnPandora
17%
NeptuneProteus
17%
JupiterThebe
17%
JupiterDia
16%
HaumeaHi'iaka
16%
SaturnAtlas
15%
UranusBelinda
15%
UranusDesdemona
15%
SaturnEpimetheus
15%
JupiterHimalia
15%
UranusJuliet
15%
NeptuneLarissa
15%
JupiterLeda
15%
HaumeaNamaka
15%
JupiterCarme
14%
UranusCupid
14%
JupiterElara
14%
UranusFrancisco
14%
JupiterMetis
14%
UranusOphelia
14%
UranusRosalind
14%
JupiterAdrastea
13%
UranusBianca
13%
UranusCordelia
13%
UranusCressida
13%
UranusFerdinand
13%
SaturnHelene
13%
NeptuneHippocamp
13%
UranusMargaret
13%
UranusPortia
13%
UranusProspero
13%
NeptuneThalassa
13%
SaturnAegaeon
12%
JupiterAnanke
12%
JupiterCarpo
12%
SaturnDaphnis
12%
NeptuneGalatea
12%
UranusMab
12%
SaturnMethone
12%
NeptuneNaiad
12%
NeptuneNeso
12%
SaturnPallene
12%
JupiterPasiphae
12%
UranusPerdita
12%
UranusSetebos
12%
UranusSycorax
12%
SaturnYmir
12%
SaturnAnthe
11%
UranusCaliban
11%
JupiterCallirrhoe
11%
SaturnFenrir
11%
SaturnFornjot
11%
JupiterIocaste
11%
JupiterKallichore
11%
JupiterKore
11%
SaturnPaaliaq
11%
SaturnPolydeuces
11%
NeptuneSao
11%
UranusStephano
11%
SaturnTelesto
11%
JupiterThemisto
11%
UranusTrinculo
11%
SaturnAegir
10%
SaturnAlbiorix
10%
JupiterAoede
10%
JupiterArche
10%
JupiterAutonoe
10%
JupiterCyllene
10%
JupiterErinome
10%
JupiterErsa
10%
JupiterEukelade
10%
JupiterEuporie
10%
NeptuneHalimede
10%
SaturnHati
10%
JupiterHelike
10%
JupiterHerse
10%
SaturnIjiraq
10%
JupiterKale
10%
JupiterKalyke
10%
SaturnKari
10%
SaturnKiviuq
10%
SaturnLoge
10%
JupiterLysithea
10%
JupiterMegaclite
10%
JupiterMneme
10%
JupiterPasithee
10%
JupiterPraxidike
10%
NeptunePsamathe
10%
SaturnSkathi
10%
SaturnSkoll
10%
SaturnSurtur
10%
JupiterThyone
10%
OrcusVanth
10%
JupiterAitne
9%
SaturnBebhionn
9%
SaturnBergelmir
9%
Saturnbestla
9%
JupiterChaldene
9%
NeptuneDespina
9%
JupiterEirene
9%
SaturnErriapus
9%
JupiterEuanthe
9%
JupiterEupheme
9%
SaturnFarbauti
9%
SaturnGreip
9%
JupiterHarpalyke
9%
JupiterHegemone
9%
JupiterHermippe
9%
SaturnHyrrokkin
9%
JupiterIsonoe
9%
SaturnJarnsaxa
9%
NeptuneLaomedeia
9%
SaturnMundilfari
9%
SaturnNarvi
9%
JupiterOrthosie
9%
JupiterPandia
9%
SaturnSiarnaq
9%
JupiterSponde
9%
SaturnSuttungr
9%
SaturnTarvos
9%
JupiterThelxinoe
9%
SaturnThrymr
9%
JupiterValetudo
9%
QuaoarWeywot
9%
JupiterPhilophrosyne
8%
SaturnTarqeq
8%
JupiterTaygete
8%
GonggongXiangliu
8%
SalaciaActaea
7%
JupiterEurydome
7%
VardaIlmarë
6%

Score Distribution

Percentile by Number Answered

Percent of People with Each Score

Your Score History

You have not taken this quiz